Mundialización y sector público: mitos y enseñanzas de la globalización financiera /
El término globalización se ha convertido en un lugar común para explicar una diversidad de fenómenos, pero muchos desconocen su significado. El autor define, delimita, caracteriza y, en suma, da contenido a este proceso que tiene efectos positivos o negativos, según se le mire. Asimismo y gracias a...
Salvato in:
| Autore principale: | |
|---|---|
| Natura: | testo |
| Soggetti: | |
| Tags: |
Aggiungi Tag
Nessun Tag, puoi essere il primo ad aggiungerne!!
|
MARC
| LEADER | 00000 a a2200000 04500 | ||
|---|---|---|---|
| 001 | 3568 | ||
| 003 | |||
| 040 | |||
| 100 | |a Arias García, Jorge | ||
| 245 | |a Mundialización y sector público: |b mitos y enseñanzas de la globalización financiera / |c Jorge Arias García | ||
| 500 | |a Resumen en español páginas 854y en inglés páginas 942 | ||
| 520 | |a El término globalización se ha convertido en un lugar común para explicar una diversidad de fenómenos, pero muchos desconocen su significado. El autor define, delimita, caracteriza y, en suma, da contenido a este proceso que tiene efectos positivos o negativos, según se le mire. Asimismo y gracias a una extensa revisión bibliográfica, contrasta las visiones, las interconexiones y las consecuencias del mismo, al tiempo que analiza y desmitifica dos de sus aspectos más visibles: la globalización financiera y el papel del Estado y su sector público | ||
| 650 | |a GLOBALIZACION | ||
| 650 | |a TEORIA | ||
| 650 | |a NUEVO ORDEN ECONOMICO INTERNACIONAL | ||
| 650 | |a LIBERALIZACION DE MERCADOS FINANCIEROS | ||
| 650 | |a CONSECUENCIAS ECONOMICAS | ||
| 650 | |a SECTOR PUBLICO | ||
| 650 | |a ADMINISTRACION PUBLICA | ||
| 650 | |a FUNCION PUBLICA | ||
| 773 | |g volumen 54, número 10; páginas 856-873 | ||
| 999 | |c 26738 |d 26738 | ||
